000
00306nam a22001337a 4500
008
170201b xxu||||| |||| 00| 0 eng d
020
_a
071670286
041
_a
eng
080
_a
61
100
_a
3
101
_a
SHM
245
_a
THE DNA MOLECULE STRUCURE AND PROPERTIES
_c
FREILDER DAVID
942
_2
udc
_c
BK
999
_c
4178
_d
4178